[Event "FISU World University-ch 2020"]
[Site "Online"]
[Date "2020.10.26"]
[Round "9.21"]
[White "Sanchez Sandoval, Gonzalo"]
[Black "Daeschler, Florian"]
[Result "1/2-1/2"]
[WhiteElo "2358"]
[BlackElo "2254"]
[Annotator "NA"]
[PlyCount "102"]
[EventDate "2020.10.26"]
[SourceTitle "playchess.com"]
[Source "ChessBase"]
[SourceQuality "1"]

1. e4 e5 2. Nf3 Nc6 3. d4 exd4 4. Nxd4 Nf6 5. Nxc6 bxc6 6. e5 Qe7 7. Qe2 Nd5 8. c4 Nb6 9. b3 Qe6 10. g3 Bb4+ 11. Bd2 a5 12. Bg2 O-O 13. O-O d5 14. Bxb4 axb4 15. Nd2 f6 16. Rfe1 fxe5 17. Qxe5 Qf7 18. f4 Bf5 19. c5 Nd7 20. Qxc7 Qf6 21. Qd6 Qd4+ 22. Kh1 Qxd2 23. Qxc6 Rxa2 24. Qxd5+ Kh8 25. c6 Qxd5 26. Bxd5 Rxa1 27. Rxa1 Nf6 28. Bf3 Be6 29. Ra4 Bxb3 30. Rxb4 Bd5 31. Kg2 Kg8 32. g4 Rc8 33. g5 Bxf3+ 34. Kxf3 Nd5 35. Rc4 Rc7 36. f5 Ne7 37. f6 gxf6 38. gxf6 Nxc6 39. Ke4 Kf7 40. Kd5 Kxf6 41. Rxc6+ Rxc6 42. Kxc6 Ke5 43. Kc5 h5 44. h4 Kf4 45. Kd4 Kg4 46. Ke3 Kxh4 47. Kf2 Kh3 48. Kg1 Kg3 49. Kh1 h4 50. Kg1 h3 51. Kh1 h2 1/2-1/2

[Event "FISU World University-ch 2020"]
[Site "Online"]
[Date "2020.10.26"]
[Round "9.21"]
[White "Cahen, Alexis"]
[Black "Barriga Silva, Felipe"]
[Result "1-0"]
[WhiteElo "2131"]
[BlackElo "2125"]
[Annotator "NA"]
[PlyCount "73"]
[EventDate "2020.10.26"]
[SourceTitle "playchess.com"]
[Source "ChessBase"]
[SourceQuality "1"]

1. e4 c5 2. Ne2 Nc6 3. c4 g6 4. Nbc3 Bg7 5. g3 d6 6. Bg2 Nh6 7. d3 O-O 8. h3 f5 9. O-O e5 10. f4 Nf7 11. Rb1 Be6 12. a3 Qd7 13. Kh2 a5 14. Nd5 Bxd5 15. cxd5 Nd4 16. Nxd4 cxd4 17. b4 Rfc8 18. Bd2 axb4 19. Bxb4 fxe4 20. dxe4 exf4 21. gxf4 Rc4 22. Bf3 Qc7 23. Rf2 Rc8 24. Bg4 Re8 25. Be6 Kh8 26. Qa4 Rf8 27. Qb3 Ng5 28. Qd3 Be5 29. Rbf1 Nxe6 30. fxe5 Rxf2+ 31. Rxf2 Ng5 32. exd6 Qc8 33. e5 Rc1 34. e6 Nxe6 35. dxe6 Qxe6 36. Qxd4+ Kg8 37. d7 1-0

[Event "FISU World University-ch 2020"]
[Site "Online"]
[Date "2020.10.26"]
[Round "9.21"]
[White "Pinochet Gonzalez, Luis Enrique"]
[Black "Budak, Rewi"]
[Result "0-1"]
[WhiteElo "1753"]
[BlackElo "2065"]
[Annotator "NA"]
[PlyCount "86"]
[EventDate "2020.10.26"]
[SourceTitle "playchess.com"]
[Source "ChessBase"]
[SourceQuality "1"]

1. e4 c5 2. Nf3 Nc6 3. Bb5 Nf6 4. Bxc6 dxc6 5. Nc3 Qc7 6. h3 e5 7. O-O Bd6 8. d3 Nd7 9. a4 Nf8 10. Nd2 Be6 11. Qe2 Ng6 12. Nc4 O-O-O 13. a5 h5 14. a6 b6 15. Be3 Kb8 16. Nxd6 Rxd6 17. Na4 Nf4 18. Bxf4 exf4 19. Rfe1 g5 20. e5 Rd4 21. c3 Rd5 22. b4 cxb4 23. cxb4 g4 24. Nc3 Rdd8 25. Qe4 gxh3 26. Qxf4 Rxd3 27. Rac1 hxg2 28. Nb5 Qd7 29. Nd6 Rh3 30. b5 Rg8 31. f3 c5 32. Qe4 h4 33. Rcd1 Bb3 34. Rd3 Rh1+ 35. Kf2 Bc2 36. e6 fxe6 37. Qe5 Rf1+ 38. Rxf1 gxf1=Q+ 39. Kxf1 Bxd3+ 40. Kf2 Qc7 41. Qxe6 Rd8 42. Nb7 Qh2+ 43. Ke3 Qe2+ 0-1

[Event "FISU World University-ch 2020"]
[Site "Online"]
[Date "2020.10.26"]
[Round "9.22"]
[White "Carstens Dobuchak, Thiago"]
[Black "Olarte Parra, Jhoan Sebastian"]
[Result "1-0"]
[WhiteElo "2184"]
[BlackElo "1999"]
[Annotator "NA"]
[PlyCount "45"]
[EventDate "2020.10.26"]
[SourceTitle "playchess.com"]
[Source "ChessBase"]
[SourceQuality "1"]

1. e4 c6 2. d4 d5 3. e5 Bf5 4. h4 h5 5. Bg5 Qb6 6. Bd3 Bxd3 7. Qxd3 Qxb2 8. e6 Qxa1 9. Qb3 Qxd4 10. Qxb7 Qe5+ 11. Ne2 Qxe6 12. Qxa8 Qd6 13. Rh3 Qd8 14. Rb3 Nd7 15. Qxc6 Ngf6 16. Bf4 e5 17. Bxe5 Qa5+ 18. c3 Rh6 19. Rb8+ Qd8 20. Rxd8+ Kxd8 21. Bf4 Rg6 22. Qa8+ Ke7 23. Ng3 1-0

[Event "FISU World University-ch 2020"]
[Site "Online"]
[Date "2020.10.26"]
[Round "9.22"]
[White "Librelato, Kathie Goulart"]
[Black "Hernandez Banquett, Bryan Steven"]
[Result "1-0"]
[WhiteElo "2165"]
[BlackElo "1971"]
[Annotator "NA"]
[PlyCount "53"]
[EventDate "2020.10.26"]
[SourceTitle "playchess.com"]
[Source "ChessBase"]
[SourceQuality "1"]

1. e4 c6 2. Nc3 d5 3. Nf3 g6 4. d4 dxe4 5. Nxe4 Nf6 6. Nxf6+ exf6 7. Bc4 Bg7 8. Qe2+ Qe7 9. Qxe7+ Kxe7 10. O-O Bg4 11. Re1+ Be6 12. Bf4 Nd7 13. d5 cxd5 14. Bxd5 Rac8 15. c3 Nc5 16. Rad1 Rhd8 17. c4 Kf8 18. b4 Bxd5 19. cxd5 Na4 20. d6 Nc3 21. d7 Ra8 22. Bd6+ Kg8 23. Bc7 Kf8 24. Bd6+ Kg8 25. Be7 Nxd1 26. Bxd8 Bf8 27. Bxf6 1-0

[Event "FISU World University-ch 2020"]
[Site "Online"]
[Date "2020.10.26"]
[Round "9.22"]
[White "Toro Castaneda, Elizabeth"]
[Black "Alboredo, Julia"]
[Result "0-1"]
[WhiteElo "1989"]
[BlackElo "2182"]
[Annotator "NA"]
[PlyCount "86"]
[EventDate "2020.10.26"]
[SourceTitle "playchess.com"]
[Source "ChessBase"]
[SourceQuality "1"]

1. e4 c5 2. Nf3 d6 3. d4 cxd4 4. Qxd4 a6 5. c4 Nc6 6. Qd2 g6 7. b3 Bg7 8. Bb2 Nf6 9. Bd3 Bg4 10. Nd4 O-O 11. O-O Qb6 12. Nc2 Nxe4 13. Bxe4 Bxb2 14. Nc3 Qa5 15. b4 Qe5 16. Nd5 Bxa1 17. Rxa1 Qxe4 18. f3 Qxc4 19. Nb6 Qb5 20. Nxa8 Bxf3 21. a4 Qe2 22. Qxe2 Bxe2 23. Nb6 Bd3 24. Ne3 Nxb4 25. Ra3 Be4 26. Rb3 Nc6 27. Nd7 Rd8 28. Rxb7 Ne5 29. Rb4 Rxd7 30. Rxe4 Rb7 31. h3 f5 32. Rd4 Rb1+ 33. Kh2 Rb2 34. Kg1 Kf7 35. Nd5 a5 36. Rd1 e6 37. Nc3 Nc4 38. Nb5 d5 39. Nd4 Rxg2+ 40. Kxg2 Ne3+ 41. Kf3 Nxd1 42. Nc6 Nc3 43. Nxa5 Nxa4 0-1

[Event "FISU World University-ch 2020"]
[Site "Online"]
[Date "2020.10.26"]
[Round "9.22"]
[White "Gomez Guardo, Laura Meli"]
[Black "Campagnolo, Fabiola"]
[Result "0-1"]
[WhiteElo "1875"]
[BlackElo "1793"]
[Annotator "NA"]
[PlyCount "64"]
[EventDate "2020.10.26"]
[SourceTitle "playchess.com"]
[Source "ChessBase"]
[SourceQuality "1"]

1. d4 Nf6 2. c4 g6 3. Nc3 d6 4. e4 Bg7 5. f3 Nbd7 6. Be3 c5 7. d5 a6 8. h3 Nh5 9. Nge2 b5 10. Qc2 Ne5 11. cxb5 axb5 12. Nxb5 Qa5+ 13. Nbc3 Ba6 14. Kf2 Nd3+ 15. Kg1 Rb8 16. b3 O-O 17. g4 Nf6 18. Kg2 e6 19. dxe6 fxe6 20. Bd2 Nb4 21. Qd1 d5 22. a3 dxe4 23. axb4 exf3+ 24. Kg3 Qc7+ 25. Bf4 e5 26. Rxa6 exf4+ 27. Kf2 fxe2 28. Bxe2 cxb4 29. Nd5 Qc5+ 30. Kf1 Nxd5 31. Bc4 Rbd8 32. Rh2 Kh8 0-1

[Event "FISU World University-ch 2020"]
[Site "Online"]
[Date "2020.10.26"]
[Round "9.23"]
[White "Rosales Schulz, Robin"]
[Black "Perez, Murillo Angel"]
[Result "0-1"]
[WhiteElo "2133"]
[BlackElo "1963"]
[Annotator "NA"]
[PlyCount "102"]
[EventDate "2020.10.26"]
[SourceTitle "playchess.com"]
[Source "ChessBase"]
[SourceQuality "1"]

1. d4 c5 2. d5 Nf6 3. c4 b5 4. cxb5 a6 5. bxa6 Bxa6 6. Nc3 g6 7. g3 Bg7 8. Bg2 d6 9. Nf3 O-O 10. O-O Nbd7 11. Re1 Qc7 12. Rb1 Ng4 13. h3 Nge5 14. Nxe5 Nxe5 15. b3 Rfb8 16. Bd2 Bc8 17. f4 Nd7 18. e4 c4 19. b4 Rxb4 20. Rxb4 Qc5+ 21. Kh2 Qxb4 22. e5 Nc5 23. Ne4 Qb5 24. a4 Qxa4 25. Nxc5 dxc5 26. Bc3 Qxd1 27. Rxd1 Ra3 28. Ra1 Rxa1 29. Bxa1 f6 30. h4 fxe5 31. fxe5 Kf7 32. Kg1 Bh6 33. Kf2 Bd2 34. e6+ Ke8 35. Be5 c3 36. Be4 Ba6 37. d6 Bb5 38. Bc2 Kd8 39. Bb3 c4 40. Bc2 Bc6 41. g4 Bd5 42. Bf6 Bxe6 43. dxe7+ Ke8 44. h5 Bc1 45. hxg6 hxg6 46. Bxg6+ Bf7 47. Bc2 Kd7 48. g5 Ke6 49. Ba4 Ba3 50. e8=Q+ Bxe8 51. Bxe8 c2 0-1

[Event "FISU World University-ch 2020"]
[Site "Online"]
[Date "2020.10.26"]
[Round "9.23"]
[White "Hernandez Vazquez, Gerardo"]
[Black "Vasquez Vasquez, Sebastian"]
[Result "1-0"]
[WhiteElo "1886"]
[BlackElo "1726"]
[Annotator "NA"]
[PlyCount "65"]
[EventDate "2020.10.26"]
[SourceTitle "playchess.com"]
[Source "ChessBase"]
[SourceQuality "1"]

1. e4 g6 2. d4 Bg7 3. Nc3 d6 4. Be3 Nf6 5. f3 O-O 6. Qd2 e5 7. Nge2 c6 8. O-O-O b5 9. dxe5 Ne8 10. exd6 b4 11. Na4 Qa5 12. b3 Bd7 13. Bd4 c5 14. Bxg7 Nxg7 15. Nf4 Bxa4 16. bxa4 Qxa4 17. Bc4 Nd7 18. h4 Ne5 19. Qe2 Qa3+ 20. Kb1 Qc3 21. Bd5 c4 22. Qd2 Qa3 23. Qc1 Qa4 24. h5 Rab8 25. hxg6 b3 26. cxb3 cxb3 27. gxf7+ Kh8 28. Ng6+ Nxg6 29. Rxh7+ Kxh7 30. Rh1+ Nh5 31. Rxh5+ Kg7 32. Qh6+ Kf6 33. Rf5# 1-0

[Event "FISU World University-ch 2020"]
[Site "Online"]
[Date "2020.10.26"]
[Round "9.23"]
[White "Cabezas Quiroz, Marco"]
[Black "Hernandez Rendon, Carlos A"]
[Result "0-1"]
[WhiteElo "1661"]
[BlackElo "1838"]
[Annotator "NA"]
[PlyCount "68"]
[EventDate "2020.10.26"]
[SourceTitle "playchess.com"]
[Source "ChessBase"]
[SourceQuality "1"]

1. e4 c5 2. Nf3 a6 3. d4 cxd4 4. Nxd4 Nf6 5. Nc3 e5 6. Nf3 Bb4 7. Bd3 d5 8. exd5 e4 9. O-O Bxc3 10. bxc3 O-O 11. Bxe4 Nxe4 12. Qd4 Bf5 13. Rb1 b5 14. Bf4 Nd7 15. Rfe1 Ndf6 16. Nh4 Qd7 17. Nxf5 Qxf5 18. Be5 Rfe8 19. Bxf6 Nxf6 20. d6 h6 21. h3 Rxe1+ 22. Rxe1 Rd8 23. Qb6 Qd7 24. Qxa6 Qxd6 25. Qxb5 Qd2 26. Re2 Qxc3 27. Qa4 Rd1+ 28. Kh2 Qc7+ 29. g3 Qb7 30. f3 Qxf3 31. Rg2 Qf1 32. Qa8+ Kh7 33. g4 Qf4+ 34. Rg3 Ne4 0-1

[Event "FISU World University-ch 2020"]
[Site "Online"]
[Date "2020.10.26"]
[Round "9.24"]
[White "Gasic Merino, Franco"]
[Black "Ng, Jun Jie"]
[Result "1-0"]
[WhiteElo "2204"]
[BlackElo "1171"]
[Annotator "NA"]
[PlyCount "43"]
[EventDate "2020.10.26"]
[SourceTitle "playchess.com"]
[Source "ChessBase"]
[SourceQuality "1"]

1. d4 Nf6 2. g3 g6 3. Bg2 Bg7 4. e4 d6 5. Ne2 Nbd7 6. O-O O-O 7. Nbc3 c5 8. d5 e6 9. dxe6 fxe6 10. Qxd6 Qb6 11. Qxb6 Nxb6 12. Be3 Nfd7 13. b3 a6 14. Rad1 c4 15. Rd6 Be5 16. Rxe6 cxb3 17. axb3 Kf7 18. Rxe5 Nxe5 19. Bxb6 Be6 20. Nf4 Rac8 21. Nxe6 Kxe6 22. Bh3+ 1-0

[Event "FISU World University-ch 2020"]
[Site "Online"]
[Date "2020.10.26"]
[Round "9.25"]
[White "Marikova, Jana"]
[Black "Aravena Navarro, Alexis Andres"]
[Result "0-1"]
[WhiteElo "2163"]
[BlackElo "1937"]
[Annotator "NA"]
[PlyCount "88"]
[EventDate "2020.10.26"]
[SourceTitle "playchess.com"]
[Source "ChessBase"]
[SourceQuality "1"]

1. d4 Nf6 2. c4 c5 3. d5 b5 4. cxb5 a6 5. b6 g6 6. Nc3 Bg7 7. Nf3 O-O 8. e4 d6 9. Be2 a5 10. a4 Na6 11. O-O Nb4 12. Nd2 Nd7 13. Kh1 Nxb6 14. f4 e6 15. dxe6 fxe6 16. Nc4 Nxc4 17. Bxc4 Kh8 18. Qb3 Qe7 19. Bd2 Rb8 20. Nb5 d5 21. Be2 Bb7 22. e5 Ba6 23. Qh3 Bxb5 24. axb5 Nc2 25. Rxa5 Rb7 26. Bd3 Nd4 27. Ra6 c4 28. Bxg6 Bxe5 29. Bb1 Bf6 30. Bc3 Re8 31. Re1 Qf7 32. b6 Nc6 33. Bxf6+ Qxf6 34. Qh5 Rg8 35. Qe2 Nd4 36. Qe5 Qxe5 37. fxe5 Rgb8 38. Ra7 Rxa7 39. bxa7 Ra8 40. h3 Rxa7 41. Kg1 Rb7 42. Rd1 Ne2+ 43. Kf2 Rxb2 44. Kf3 Nc3 0-1

[Event "FISU World University-ch 2020"]
[Site "Online"]
[Date "2020.10.26"]
[Round "9.25"]
[White "Pulpan, Matej"]
[Black "Gallardo Ramirez, Ricardo Manuel"]
[Result "1-0"]
[WhiteElo "2077"]
[BlackElo "1681"]
[Annotator "NA"]
[PlyCount "69"]
[EventDate "2020.10.26"]
[SourceTitle "playchess.com"]
[Source "ChessBase"]
[SourceQuality "1"]

1. e4 c5 2. c3 g6 3. d4 cxd4 4. cxd4 d5 5. exd5 Nf6 6. Nc3 Bg7 7. Nf3 Nxd5 8. Be2 O-O 9. O-O Nc6 10. a3 Nxc3 11. bxc3 Be6 12. Be3 Na5 13. Qa4 Rc8 14. Rac1 Bc4 15. Rfe1 Bxe2 16. Rxe2 Rc4 17. Qb5 a6 18. Qb2 b5 19. Nd2 Ra4 20. Ra1 e5 21. dxe5 Qd3 22. Nf3 Nc4 23. Qc2 Qxc2 24. Rxc2 Bxe5 25. Nxe5 Nxe5 26. Kf1 Rc8 27. Ke2 Nc4 28. Bd4 f5 29. Kd3 Kf7 30. Re2 Rc6 31. Rae1 Rc7 32. Re6 Rd7 33. Rf6+ Kg8 34. Re8+ Kg7 35. Ree6 1-0

[Event "FISU World University-ch 2020"]
[Site "Online"]
[Date "2020.10.26"]
[Round "9.25"]
[White "Ruiz Olate, Emily Andrea"]
[Black "Vaculik, Jakub"]
[Result "0-1"]
[WhiteElo "1866"]
[BlackElo "2147"]
[Annotator "NA"]
[PlyCount "64"]
[EventDate "2020.10.26"]
[SourceTitle "playchess.com"]
[Source "ChessBase"]
[SourceQuality "1"]

1. e4 e6 2. Nc3 d5 3. g3 Nf6 4. Bg2 Bb4 5. exd5 exd5 6. Qe2+ Be7 7. Nf3 O-O 8. O-O Re8 9. Qd1 Bg4 10. h3 Bh5 11. d3 Nbd7 12. g4 Bg6 13. Nh4 c6 14. Nxg6 hxg6 15. Bf4 Nf8 16. Qd2 Ne6 17. Bg3 g5 18. Ne2 Bd6 19. Bxd6 Qxd6 20. f4 gxf4 21. Nxf4 Nxf4 22. Rxf4 Re7 23. Raf1 Rae8 24. R4f2 Nh7 25. Qa5 Qg3 26. Rf3 Qh4 27. Qxa7 Ng5 28. Rf5 Nxh3+ 29. Bxh3 Qxh3 30. Qd4 Re3 31. Rxf7 Rg3+ 32. Kf2 Rg2# 0-1

[Event "FISU World University-ch 2020"]
[Site "Online"]
[Date "2020.10.26"]
[Round "9.25"]
[White "Arias Gonzalez, Felipe"]
[Black "Otruba, Marek"]
[Result "0-1"]
[WhiteElo "1343"]
[BlackElo "2017"]
[Annotator "NA"]
[PlyCount "57"]
[EventDate "2020.10.26"]
[SourceTitle "playchess.com"]
[Source "ChessBase"]
[SourceQuality "1"]

1. e4 c5 2. Nf3 d6 3. d4 cxd4 4. Nxd4 Nf6 5. Nc3 g6 6. Be3 Bg7 7. Bc4 O-O 8. Bb3 Nc6 9. f3 Bd7 10. Qd2 Rc8 11. O-O-O Nxd4 12. Bxd4 b5 13. h4 a5 14. a3 b4 15. axb4 axb4 16. Nd5 Nxd5 17. Bxg7 Kxg7 18. Qxd5 Kg8 19. h5 Be6 20. Qd3 Bxb3 21. Qxb3 Qa5 22. hxg6 hxg6 23. f4 Rc5 24. g4 Rfc8 25. Rh2 Qa1+ 26. Kd2 Rxc2+ 27. Qxc2 Rxc2+ 28. Kxc2 b3+ 29. Kd2 0-1

[Event "FISU World University-ch 2020"]
[Site "Online"]
[Date "2020.10.26"]
[Round "9.26"]
[White "Donoso Diaz, Sebastian"]
[Black "Gonzalez Lopez, Nicolas Mateo"]
[Result "1-0"]
[WhiteElo "2192"]
[BlackElo "2200"]
[Annotator "NA"]
[PlyCount "99"]
[EventDate "2020.10.26"]
[SourceTitle "playchess.com"]
[Source "ChessBase"]
[SourceQuality "1"]

1. d4 Nf6 2. c4 g6 3. Nc3 Bg7 4. e4 d6 5. h3 O-O 6. Be3 e5 7. d5 Na6 8. Nf3 Nc5 9. Nd2 a5 10. g4 h5 11. g5 Nh7 12. h4 f6 13. gxf6 Bxf6 14. Rg1 Bg4 15. Rxg4 hxg4 16. Qxg4 Bxh4 17. Nf3 Bf6 18. O-O-O Qd7 19. Qxg6+ Kh8 20. Qh5 Rg8 21. Bxc5 dxc5 22. Nxe5 Bxe5 23. Qxe5+ Qg7 24. Qh2 Rae8 25. Bd3 Qg2 26. Rh1 Qxh2 27. Rxh2 Rg1+ 28. Kd2 Kg8 29. f4 Rg4 30. e5 Nf8 31. Ne2 Re7 32. Bf5 Rgg7 33. Ke3 Ref7 34. Ke4 b6 35. b3 Re7 36. a3 Re8 37. Kf3 Ng6 38. Bxg6 Rxg6 39. f5 Rg7 40. e6 Kf8 41. f6 Rg6 42. Rh8+ Rg8 43. Rxg8+ Kxg8 44. f7+ Kf8 45. fxe8=Q+ Kxe8 46. Ng3 Ke7 47. Kg4 c6 48. Nf5+ Kf6 49. dxc6 Kxe6 50. Kf4 1-0

[Event "FISU World University-ch 2020"]
[Site "Online"]
[Date "2020.10.26"]
[Round "9.26"]
[White "Zuleta, Juan Carlos"]
[Black "Bernal Navarrete, Marcelo"]
[Result "0-1"]
[WhiteElo "1934"]
[BlackElo "1851"]
[Annotator "NA"]
[PlyCount "102"]
[EventDate "2020.10.26"]
[SourceTitle "playchess.com"]
[Source "ChessBase"]
[SourceQuality "1"]

1. e4 e5 2. Nf3 Nc6 3. Bc4 Bc5 4. b4 Bxb4 5. c3 Be7 6. d4 Na5 7. Bxf7+ Kxf7 8. Nxe5+ Kf8 9. O-O d6 10. Nd3 Nf6 11. e5 dxe5 12. dxe5 Nd5 13. Re1 Be6 14. Nd2 h6 15. c4 Nb6 16. Nf4 Bf5 17. Qh5 g5 18. Ng6+ Bxg6 19. Qxg6 Qe8 20. Qe4 Rg8 21. Re3 Qg6 22. Rf3+ Kg7 23. Qe2 Rgf8 24. Rg3 Nc6 25. Bb2 Na4 26. Ba3 Bxa3 27. Rxa3 Nc5 28. Re1 Rae8 29. Nf3 Ne6 30. Rd3 Rd8 31. Re3 Ncd4 32. Nxd4 Nxd4 33. Qb2 b6 34. e6 Rfe8 35. e7 Rd6 36. h4 c5 37. hxg5 hxg5 38. Rg3 Rf6 39. Qc1 Ne6 40. Kh2 Qh6+ 41. Rh3 Qg6 42. Rg3 Nf4 43. Re5 Rf5 44. Qe3 Qh5+ 45. Kg1 Qd1+ 46. Kh2 Rh8+ 47. Rh3 Nxh3 48. gxh3 Qd6 49. f4 Rxe5 50. fxe5 Qxe7 51. Qe4 Re8 0-1

[Event "FISU World University-ch 2020"]
[Site "Online"]
[Date "2020.10.26"]
[Round "9.26"]
[White "Gallardo Valenzuela, Andres"]
[Black "Pinillo Canon, Silvana"]
[Result "0-1"]
[WhiteElo "1694"]
[BlackElo "1785"]
[Annotator "NA"]
[PlyCount "86"]
[EventDate "2020.10.26"]
[SourceTitle "playchess.com"]
[Source "ChessBase"]
[SourceQuality "1"]

1. d4 d5 2. Nf3 Nf6 3. g3 e6 4. Bg2 Be7 5. O-O O-O 6. c4 dxc4 7. Qc2 a6 8. a4 Nc6 9. Qxc4 Qd7 10. Qd3 Rd8 11. Rd1 Rb8 12. Nc3 b6 13. e4 Bb7 14. Bg5 h6 15. Bxf6 Bxf6 16. Ne2 a5 17. Qe3 Nb4 18. Rd2 Qe8 19. Rc1 Qd7 20. Nf4 Ba8 21. Nh5 Be7 22. Ne5 Qxa4 23. Rxc7 Bd6 24. Rc1 Qe8 25. Nc4 Be7 26. h4 Rdc8 27. Re2 Qd8 28. Ree1 b5 29. Na3 Qb6 30. Red1 Bf8 31. Nf4 Bd6 32. Nd3 Nc6 33. Nc5 Qa7 34. e5 Be7 35. Qd3 Nxd4 36. Qxd4 Bxc5 37. Qd2 Rd8 38. Qxd8+ Rxd8 39. Rxd8+ Kh7 40. Rxa8 Bxf2+ 41. Kh2 Qe3 42. Nxb5 Qxg3+ 43. Kh1 Qxh4+ 0-1

[Event "FISU World University-ch 2020"]
[Site "Online"]
[Date "2020.10.26"]
[Round "9.27"]
[White "Aluvihare, Shakila"]
[Black "Moreno Estebanez, Patxi"]
[Result "0-1"]
[WhiteElo "1655"]
[BlackElo "2226"]
[Annotator "NA"]
[PlyCount "52"]
[EventDate "2020.10.26"]
[SourceTitle "playchess.com"]
[Source "ChessBase"]
[SourceQuality "1"]

1. d4 Nf6 2. Nf3 g6 3. g3 Bg7 4. Bg2 O-O 5. O-O d6 6. c4 Nc6 7. Nc3 a6 8. Qc2 e5 9. dxe5 dxe5 10. Rd1 Nd4 11. Nxd4 exd4 12. e3 c5 13. exd4 cxd4 14. Nd5 Nxd5 15. Bxd5 Bf5 16. Qb3 b5 17. cxb5 axb5 18. Qxb5 Ra5 19. Bxf7+ Rxf7 20. Qc4 Qd5 21. Qxd5 Rxd5 22. a4 d3 23. Ra3 Rc7 24. b4 Bg4 25. Bf4 Bxd1 26. Bxc7 Bf3 0-1

[Event "FISU World University-ch 2020"]
[Site "Online"]
[Date "2020.10.26"]
[Round "9.27"]
[White "Ranasinghe, P K"]
[Black "Morante Rafael, Aritz"]
[Result "0-1"]
[WhiteElo "1586"]
[BlackElo "2161"]
[Annotator "NA"]
[PlyCount "98"]
[EventDate "2020.10.26"]
[SourceTitle "playchess.com"]
[Source "ChessBase"]
[SourceQuality "1"]

1. e4 e6 2. d4 d5 3. exd5 exd5 4. c4 Nf6 5. Nc3 c6 6. Be3 Bd6 7. Bd3 dxc4 8. Bxc4 O-O 9. Nge2 Ng4 10. Qd2 Bf5 11. Bd3 Bxd3 12. Qxd3 Na6 13. a3 Re8 14. O-O-O Qe7 15. Kd2 Rad8 16. h3 Ne5 17. Qf5 Nc4+ 18. Kc2 Qxe3 19. Qg4 Qxf2 20. Kb1 Ne3 21. Qh5 Nxd1 22. Rxd1 g6 23. Qg4 h5 24. Qg5 Be7 25. Qh6 Bf6 26. Nf4 Qg3 27. Nxh5 gxh5 28. Qxf6 Qg6+ 29. Qxg6+ fxg6 30. d5 cxd5 31. Nxd5 Kg7 32. Nc3 Rxd1+ 33. Nxd1 Re1 34. Kc2 Rxd1 35. Kxd1 Kf6 36. Kd2 Ke5 37. Ke3 Nc5 38. b4 Ne6 39. g3 b6 40. Kd3 b5 41. Ke3 g5 42. Kd3 Nd8 43. Ke3 Nb7 44. Kd3 Nd6 45. Kc3 Ke4 46. a4 a6 47. a5 Ke3 48. h4 gxh4 49. gxh4 Nf5 0-1

[Event "FISU World University-ch 2020"]
[Site "Online"]
[Date "2020.10.26"]
[Round "9.27"]
[White "Apellaniz Perez, Estibaliz"]
[Black "Kulatunga, Dinithi"]
[Result "0-1"]
[WhiteElo "1363"]
[BlackElo "1402"]
[Annotator "NA"]
[PlyCount "78"]
[EventDate "2020.10.26"]
[SourceTitle "playchess.com"]
[Source "ChessBase"]
[SourceQuality "1"]

1. Nf3 d5 2. c4 c6 3. e3 Nf6 4. Nc3 e6 5. b3 Bd6 6. Be2 O-O 7. Bb2 e5 8. Rc1 e4 9. Nd4 Bd7 10. f3 c5 11. Nc2 dxc4 12. Bxc4 exf3 13. Qxf3 Bc6 14. Qf2 Ng4 15. Qf5 Qh4+ 16. Ke2 Bxg2 17. Rhg1 g6 18. Rxg2 gxf5 19. Rcg1 Rd8 20. Nd5 Kf8 21. Bf6 Qh5 22. Ke1 Nxf6 23. Nxf6 Qh4+ 24. Kd1 Qxf6 25. Na3 a6 26. Bd3 b5 27. Nc2 Nc6 28. Rf1 Ne7 29. Be4 Rab8 30. Bf3 Ng6 31. Be4 Ne7 32. Bf3 Be5 33. e4 fxe4 34. Be2 Qh6 35. Ne3 Qxe3 36. Bh5 Ng6 37. Re2 Qd3 38. Ref2 Nf4 39. Be2 Qb1# 0-1

[Event "FISU World University-ch 2020"]
[Site "Online"]
[Date "2020.10.26"]
[Round "9.28"]
[White "Ramirez Madrid, Gerardo Alfonso"]
[Black "Amer, A.Naser"]
[Result "0-1"]
[WhiteElo "2029"]
[BlackElo "2145"]
[Annotator "NA"]
[PlyCount "110"]
[EventDate "2020.10.26"]
[SourceTitle "playchess.com"]
[Source "ChessBase"]
[SourceQuality "1"]

1. Nf3 d5 2. c4 d4 3. e3 c5 4. exd4 cxd4 5. d3 Nc6 6. g3 e5 7. Bg2 Nf6 8. O-O Bd6 9. Na3 a6 10. Nc2 O-O 11. b4 Bg4 12. Rb1 Re8 13. Bg5 h6 14. Bxf6 Qxf6 15. h3 Bd7 16. Re1 a5 17. b5 Nb4 18. a3 Nxc2 19. Qxc2 Bxa3 20. Nd2 Qb6 21. Ne4 Rac8 22. Qa4 Bb4 23. Rxb4 axb4 24. Qxb4 Re6 25. Rb1 f5 26. c5 Qc7 27. Nd6 Qxc5 28. Nxc8 Qxc8 29. Bd5 Kh7 30. Bxe6 Bxe6 31. Qb2 Bd5 32. Rc1 Qe6 33. Qc2 e4 34. dxe4 fxe4 35. Qc8 Qf6 36. Qd7 Be6 37. Qxb7 e3 38. fxe3 Qe5 39. e4 Qxg3+ 40. Kf1 Qf3+ 41. Ke1 Qe3+ 42. Kd1 Bb3+ 43. Rc2 Qg1+ 44. Kd2 Qf2+ 45. Kd1 Qxc2+ 46. Ke1 Qc1+ 47. Kf2 Qe3+ 48. Kg2 Qe2+ 49. Kg3 Qe3+ 50. Kg2 Qg5+ 51. Kf2 Qf4+ 52. Kg2 Bc2 53. Qd7 Bxe4+ 54. Kg1 Qg3+ 55. Kf1 Bd3# 0-1

[Event "FISU World University-ch 2020"]
[Site "Online"]
[Date "2020.10.26"]
[Round "9.28"]
[White "Alharari, Mohammed Alsouri"]
[Black "Solano Cuya, Bryan"]
[Result "1/2-1/2"]
[WhiteElo "2018"]
[BlackElo "2242"]
[Annotator "NA"]
[PlyCount "97"]
[EventDate "2020.10.26"]
[SourceTitle "playchess.com"]
[Source "ChessBase"]
[SourceQuality "1"]

1. d4 Nf6 2. Nf3 d5 3. Bf4 g6 4. e3 Bg7 5. Bd3 c5 6. c3 O-O 7. O-O b6 8. h3 Bb7 9. Nbd2 Nc6 10. Rc1 Nd7 11. Bb1 e5 12. dxe5 Ndxe5 13. Nxe5 Nxe5 14. Nf3 Nxf3+ 15. Qxf3 Qd7 16. Rfd1 Rad8 17. Bg5 f6 18. Bf4 Rfe8 19. h4 Qf7 20. Qh3 Bc8 21. Qf3 Be6 22. a3 f5 23. Ba2 Bf6 24. Bg5 Bxg5 25. hxg5 Rd7 26. Rd2 Red8 27. Rcd1 b5 28. Qf4 a5 29. a4 b4 30. c4 d4 31. b3 dxe3 32. Qxe3 f4 33. Rxd7 Rxd7 34. Qf3 Rxd1+ 35. Qxd1 Qf5 36. Qd8+ Kg7 37. Qe7+ Bf7 38. Kh2 Qc2 39. Qf6+ Kg8 40. Qd8+ Kg7 41. Qf6+ Kf8 42. Qd8+ Be8 43. Qf6+ Bf7 44. Qd8+ Kg7 45. Qf6+ Kg8 46. Qd8+ Kg7 47. Qf6+ Kg8 48. Qd8+ Kg7 49. Qf6+ 1/2-1/2

[Event "FISU World University-ch 2020"]
[Site "Online"]
[Date "2020.10.26"]
[Round "9.28"]
[White "Alfaitori, Abdallah"]
[Black "Morera Campos, Heizel Maria"]
[Result "0-1"]
[WhiteElo "1918"]
[BlackElo "1980"]
[Annotator "NA"]
[PlyCount "92"]
[EventDate "2020.10.26"]
[SourceTitle "playchess.com"]
[Source "ChessBase"]
[SourceQuality "1"]

1. d4 Nf6 2. Nf3 e6 3. Bf4 c5 4. e3 b6 5. c3 Bb7 6. Nbd2 Be7 7. Bd3 cxd4 8. exd4 O-O 9. h3 d6 10. O-O Nbd7 11. Re1 Re8 12. Nc4 Qc7 13. Ne3 Bf8 14. Rc1 Qc6 15. c4 e5 16. d5 Qc7 17. Ng5 exf4 18. Nf5 Rxe1+ 19. Qxe1 Ne5 20. Bb1 Ng6 21. h4 Ne7 22. Nxf7 Nxf5 23. Bxf5 Bc8 24. Be6 Bxe6 25. dxe6 Qe7 26. Rd1 Qc7 27. h5 Re8 28. Rd5 Nxd5 29. cxd5 Qc4 30. Qd1 Qe4 31. Qg4 g6 32. hxg6 Qxg6 33. Qxf4 Rc8 34. Ng5 Be7 35. Nf7 Rc5 36. Nh6+ Kh8 37. Nf7+ Kg7 38. g3 Rxd5 39. Qc4 Qxe6 40. Nxd6 Rxd6 41. Qc3+ Bf6 42. Qc7+ Rd7 43. Qf4 Qc6 44. Qg4+ Kh8 45. Qe2 Rd8 46. b3 Re8 0-1